Personnages animés aux cheveux blancs/Gris - Statistiques

Statistiques générales
  • Ce quiz a été pris 220 fois
  • Le résultat moyen est 11 sur 40
Statistiques - réponses
Hint Réponse % Correct
Naruto Kakashi Hatake
86%
Tokyo Ghoul Ken Kaneki
85%
Jujutsu kaisen Gojo Satoru
74%
Hunter x Hunter Killua Zoldyck
72%
Jiraya
57%
Promised Neverland Norman
55%
My hero Academia Shoto Todoroki
55%
Death Note Near
50%
Mirajane Strauss
42%
Seven deadly sins Ban
40%
Fairy Tail Elfman Strauss
37%
Tobirama Senju
34%
Elizabeth
32%
Shigaraki Tomura
32%
Kaguya Otsutsuki
28%
Bleach Hitsugaya Toshiro
27%
Kabuto Yakushi
25%
Lisanna Strauss
24%
Toya Todoroki
18%
Natsuo Todoroki
17%
Kimimaro
16%
Fuyumi Todoroki
15%
Suigetsu Hozuki
15%
Rei Todoroki
13%
Hagoromo Otsutsuki
12%
Ukitake Jushiro
12%
Arima Kisho
11%
Fruits Basket Hatsuharu Soma
11%
Ayame Soma
10%
Estarossa
10%
Yukino Agria
10%
Soul eater Evans
8%
Juzo Suzuya
8%
Omoï
8%
Sorano Agria/Angel
8%
Komugi
5%
Cardcaptor Sakura Yue
5%
Ginkaku
3%
Arden
2%
Lyon Vastia
2%
Aucun quiz correspondant
Distribution des résultats
% des personnes avec chaque résultat
Percentile par nombre de réponses
Votre historique - résultats
Vous n’avez pas pris ce quiz